Laddar...

Introduction to Multivariate Statistical Analysis

Bibliografiska uppgifter
Huvudupphovsman: Anderson
Materialtyp: Printed Book
Språk:English
Publicerad: [s.l: s.n.] 1957.
Upplaga:1957.
Ämnen:
LEADER 00680nam a22001694a 4500
008 150120n ii |||gr||||Z||||||eng
082 |a 519.535 AND 
100 |a Anderson. 
245 1 |a Introduction to Multivariate Statistical Analysis  |h Textual Documents 
250 |a 1957. 
260 |a [s.l:  |b s.n.]  |c 1957. 
300 |a xii;374p.:  |e 02321. 
630 |a Statistics, Principal Components,Canonical Correlations and Canoniacal Variables. 
852 |t 1  |p STA02321  |b Text Books  |k 519.535 AND  |f 00000  |c Shelf - 14 
942 |c BK 
999 |c 220116  |d 220116 
952 |0 0  |1 0  |4 0  |6 519_535000000000000_AND  |7 0  |9 234259  |a STA  |b STA  |c Shelf - 14  |d 2019-12-11  |l 0  |o 519.535 AND  |p STA02321  |r 2019-12-11  |t 1  |w 2019-12-11  |y BK